Enzyme biotechnology (Record no. 394099)

MARC details
000 -LEADER
fixed length control field 00484 a2200193 4500
005 - DATE & TIME
control field 20260112153820.0
008 - FIXED-LENGTH DATA ELEMENTS--GENERAL INFORMATION
fixed length control field 260112b |||||||| |||| 00| 0 eng d
020 ## - ISBN
International Standard Book Number 9781635491159
Price $ 130.00
040 ## - CATALOGING SOURCE
Original cataloging agency VIVEKANANDA LIBRARY
082 ## - DDC NUMBER
Classification number 660.634
Book Number E58E
100 ## - MAIN ENTRY--PERSONAL NAME
Personal name Elliott, Benjy
245 ## - TITLE STATEMENT
Title Enzyme biotechnology
260 ## - PUBLICATION, DISTRIBUTION, ETC. (IMPRINT)
Name of publisher, distributor, etc Larsen and Keller Education
Date of publication, distribution, etc 2017
Place of publication, distribution, etc New York
300 ## - PHYSICAL DESCRIPTION
Pages viii, 225
650 ## - Subject
Subject Enzymes
650 ## - Subject
Subject Biotechnology
650 ## - Subject
Subject Enzymology
942 ## - ADDED ENTRY ELEMENTS (KOHA)
Koha item type Books
Holdings
Withdrawn status Lost status Source of classification or shelving scheme Damaged status Not for loan Location (home branch) Sublocation or collection (holding branch) Shelving location Date acquired Koha issues (times borrowed) Koha full call number Accession No. Koha date last seen Koha item type
    Dewey Decimal Classification     VIVEKANANDA LIBRARY VIVEKANANDA LIBRARY Vivekananda Library 15/12/2025   660.634 E58E 443668 15/12/2025 Books
© Designed and Maintained by Vivekananda Library, MDU Rohtak